|
|
|
|
| LEADER |
00000nab a2200000 a 4500 |
| 001 |
vtls000928417 |
| 003 |
SK-MaSNL |
| 005 |
20260303033019.0 |
| 008 |
040720e20021005xo 0 slo |
| 035 |
|
|
|a KE37294
|
| 040 |
|
|
|a KEVKJB
|b slo
|c KEVKJB
|e AACR2
|
| 041 |
0 |
|
|a slo
|
| 044 |
|
|
|a xo
|c SK
|
| 080 |
|
|
|a 796.332
|2 1981
|
| 100 |
1 |
|
|a Staško, Mojmír
|4 aut
|9 425454
|
| 245 |
1 |
0 |
|a Čaňa chce v Dubovej pribrzdiť rozlet domácich
|
| 610 |
2 |
7 |
|a FK Čaňa
|2 KEVKJB
|9 39529
|
| 650 |
0 |
7 |
|a šport
|2 KEVKJB
|9 1042
|
| 650 |
0 |
7 |
|a futbal
|2 KEVKJB
|9 3291
|
| 651 |
|
7 |
|a Čaňa (Slovensko)
|2 KEVKJB
|9 28954
|
| 651 |
|
7 |
|a KS,
|2 KEVKJB
|9 880381
|
| 655 |
|
7 |
|a periodikum
|2 KEVKJB
|9 29553
|
| 710 |
2 |
|
|a FK Čaňa
|4 aut
|9 39529
|
| 773 |
0 |
8 |
|t Sme. Práca
|g Roč. 10, č. 232, (5.10.2002) s. 12
|
| 852 |
|
|
|a ZVYKNI
|b KIS3GCP
|
| 999 |
|
|
|c 1668240
|d 1670170
|